000 00520nam a2200193 a 4500
001 1769488318731
003 YourLibrary
005 20260128114523.0
008 260127s2008##################000#0#eng##
020 _a9780335222971
082 0 4 _a302.23220941
_bTEM
100 1 _aTemple, Mick,
_eauthor.
245 1 0 _aThe British Press :
260 _bMcGraw-Hill Education (UK),
_c2008.
300 _a273 pages
650 0 _aLanguage Arts & Disciplines.
942 _cENGLISH
040 _aYourLibrary
_beng
_cYourLibrary
999 _c609347
_d609347